logo

Bir Sreshtho Munshi Abdur Rouf Library
Jhenaidah Cadet College

Critical reading improvement : (Record no. 5956)

MARC details
000 -LEADER
fixed length control field 00730nam a2200253 a 4500
001 - CONTROL NUMBER
JCCL Control Number 5956
003 - CONTROL NUMBER IDENTIFIER
JCCL marc code BD-JhCC
005 - DATE AND TIME OF LATEST TRANSACTION
control field 20180101181221.0
008 - FIXED-LENGTH DATA ELEMENTS--GENERAL INFORMATION
fixed length control field 171231s1969 nyu bp 000 0 eng d
035 ## - SYSTEM CONTROL NUMBER
system control number (BD-JhCC)5956
040 ## - CATALOGING SOURCE
Original cataloging agency BD-JhCC
Transcribing agency DLC
Modifying agency BD-JhCC
041 ## - LANGUAGE CODE
Language code of Book eng
050 00 - LIBRARY OF CONGRESS CALL NUMBER
Classification number LB1050
Item number .H3
082 00 - DEWEY DECIMAL CLASSIFICATION NUMBER
Classification number 428.4/3/077
Author mark and Year HAR 1969
100 1# - MAIN ENTRY--PERSONAL NAME
Personal name Harnadek, Anita E.
245 10 - TITLE STATEMENT
Title Critical reading improvement :
Remainder of title a program for self-instruction /
Statement of responsibility, etc [by] Anita E. Harnadek.
260 ## - PUBLICATION, DISTRIBUTION, ETC. (IMPRINT)
Place of publication, distribution, etc New York,
Name of publisher, distributor, etc McGraw-Hill
Date of publication, distribution, etc [1969]
300 ## - PHYSICAL DESCRIPTION
Pagination 205 p.
Dimensions 23 cm.
500 ## - GENERAL NOTE
General note "McGraw-Hill basic skills system."
504 ## - BIBLIOGRAPHY, ETC. NOTE
Bibliography, etc Bibliography: p. 205.
650 #0 - SUBJECT ADDED ENTRY--TOPICAL TERM
Topical term or geographic name as entry element Reading
General subdivision Programmed instruction.
942 ## - ADDED ENTRY ELEMENTS (KOHA)
Source of classification or shelving scheme Dewey Decimal Classification
Koha item type Books
Holdings
Source of classification or shelving scheme Damaged status Not for loan Home library Current library Shelving location Date of accession Total Checkouts Full call number Barcode Date last seen Copy number Koha item type
Dewey Decimal Classification     JCC Rouf Library JCC Rouf Library General Stacks 12/31/2017   428.4/3/077 HAR 1969 8103 12/31/2017 C - 1 Books

JCC Library | Contacts | JCC Home

Last Update on 23 September 2017
Copyright @ 2017-2020 JCC Rouf Library
Rouf Library, Jhenidah Cadet College (JCC), Bangladesh